Correspondencia del Obispo de la Puebla de los Ángeles en que da cuenta de haber recibido la real cédula en que se manda a los Obispos no hagan informes del procedimiento de los alcaldes mayores

Detalles Bibliográficos
Formato: Libro
Publicado: Puebla de los Ángeles , 1688
Materias:
Colección:Banco de datos
Acervo:Biblioteca Palafoxiana. Colección de Manuscritos
Descripción Física:1 f. ; 20.5 x 30.2 cm.
Tema general:Eclesiástica
LEADER 00525nam a22001330004500
035 |a 3158 
245 1 0 |a Correspondencia del Obispo de la Puebla de los Ángeles en que da cuenta de haber recibido la real cédula en que se manda a los Obispos no hagan informes del procedimiento de los alcaldes mayores 
260 |a Puebla de los Ángeles , 1688 
300 |a 1 f. ; 20.5 x 30.2 cm. 
650 1 0 |a Eclesiástica 
949 |a R478/045 
942 |c PALAMANU 
943 |g Biblioteca Palafoxiana. Colección de Manuscritos 
999 |c 1071103  |d 1071103